Catálogo
 En Linea

Comercio y navegación entre España y las Indias en la época de los Habsburgos / (Registro nro. 32501)

Detalles MARC
000 -CABECERA
campo de control de longitud fija 00634nam a2200169 a 4500
001 - NÚMERO DE CONTROL
campo de control 000033010
005 - FECHA Y HORA DE LA ÚLTIMA TRANSACCIÓN
campo de control 20200930065953.0
008 - DATOS DE LONGITUD FIJA--INFORMACIÓN GENERAL
campo de control de longitud fija 110808s1939 mx 000 0 spa d
040 ## - FUENTE DE LA CATALOGACIÓN
Centro catalogador/agencia de origen DO-SdBNP
Lengua de catalogación spa
Centro/agencia transcriptor BNPHU
082 ## - NÚMERO DE LA CLASIFICACIÓN DECIMAL DEWEY
Número de clasificación xxxx
Número de documento/Ítem H281c
100 1# - ENTRADA PRINCIPAL--NOMBRE DE PERSONA
Nombre de persona Haring, Clarence Henry,
Fechas asociadas al nombre 1885-1960.
9 (RLIN) 58725
245 10 - MENCIÓN DE TÍTULO
Título Comercio y navegación entre España y las Indias en la época de los Habsburgos /
Mención de responsabilidad, etc. Clarence H. Haring ; versión española revisada por Emma Salinas.
260 ## - PUBLICACIÓN, DISTRIBUCIÓN, ETC.
Lugar de publicación, distribución, etc. México :
Nombre del editor, distribuidor, etc. Fondo de Cultura Económica,
Fecha de publicación, distribución, etc. 1939.
300 ## - DESCRIPCIÓN FÍSICA
Extensión xxvi, 460 p. ;
Dimensiones 24 cm.
504 ## - NOTA DE BIBLIOGRAFÍA, ETC.
Nota de bibliografía, etc. Bibliografía : p. ix-xxiii.
700 1# - PUNTO DE ACCESO ADICIONAL--NOMBRE DE PERSONA
Nombre de persona Salinas, Emma
9 (RLIN) 58726
Existencias
Estado de retiro Estado de pérdida Restricciones de uso No para préstamo Código de colección Localización permanente Ubicación/localización actual Ubicación en estantería Fecha de adquisición Número de inventario Total de préstamos Signatura topográfica completa Código de barras Fecha visto por última vez Precio válido a partir de Tipo de ítem Koha Nota pública
      Excluido de préstamo Raros y valiosos General General En catalogación 08.08.2011 LF1   xxxx H281c 33010-10 25.06.2020 25.06.2020 No se presta Perteneció a la biblioteca personal de Carlos Larrazabal Blanco

Con tecnología Koha